| 000 | 00946nam a22002297a 4500 | ||
|---|---|---|---|
| 999 |
_c4910 _d4910 |
||
| 003 | AR-CdUCM | ||
| 008 | 190311b ||||| |||| 00| 0 spa d | ||
| 040 |
_aMUNICIPALIDAD PROVINCIAL DEL CUSCO _cBIBLIOTECA MUNICIPAL DEL CUSCO |
||
| 082 |
_a129.94 / _bOR73 |
||
| 100 |
_aOrtega, Jose _915083 |
||
| 245 | _aMeditación de la técnica / | ||
| 260 |
_aMadrid : _bRevista de Occidente , _c1968. |
||
| 300 |
_a166 páginas ; _c18 cm. |
||
| 440 |
_aBiblioteca de Ideas del Siglo XX _n6 _915084 |
||
| 505 | _aContenido : Escaramuza con el tema -- El esfuerzo para ahorrar esfuerzo es esfuerzo -- El destino extranatural del hombre -- el tipo "getleman" -- Las cosas y su "ser" -- Los estadios de la técnica -- La técmoca como artesania -- El tecnisismo moderno... | ||
| 650 |
_aTecnisismo _95179 |
||
| 650 |
_aLa técnica como Artesania _915085 |
||
| 650 |
_aMeditaciones _910747 |
||
| 700 |
_aGasset _915086 |
||
| 942 |
_2ddc _cLIBROS |
||
| 945 | _artm | ||